书目信息 |
| 书名: | Grammaticalization | |
| 作者: | Paul J. Hopper, Elizabeth Closs Traugott | |
| 分册号: | ||
| 分册名: | 出版地: | Beijing : |
|
| 出版社: | Peking University Press | |
| 出版时间: | 2005. | |
| 页数: | xx, 276 p. : | |
| 开本: | 24 cm. | |
| 丛书名: | 西方语言学原版影印系列丛书 | |
| 中图分类号: | ||
| 科图分类号: | ||
| 其他分类号: | H04 | |
| 主题词: | ||
| 电子资源: | ||
| 000 | 01437nam 2200397 a 4500 | |
| 001 | E0756371208 | |
| 004 | 001150272 | |
| 004 | 001150272 | |
| 005 | 20070702154220.71 | |
| 008 | 001 0 eng | |
| 008 | 4001uueng0000000 | |
| 008 | 4001uueng0000000 | |
| 015 | @aGBA3-W9736 | |
| 020 | @a7301075960 :@cCNY28.00. | |
| 035 | @a.b57106162 | |
| 040 | @aPUL @bchi@cPUL @dUKM @dC#P @dCcBjTSG | |
| 041 | @aeng@bchi@heng | |
| 042 | @apcc | |
| 050 | 4 | @aP299.G73 @bH66 2003 |
| 082 | 04 | @a415 @221 |
| 090 | @aH04 | |
| 099 | @dH04@ex115 | |
| 100 | 1 | @aHopper, Paul J. |
| 245 | 10 | @aGrammaticalization / @cPaul J. Hopper, Elizabeth Closs Traugott |
| 246 | 34 | @a语法化 |
| 250 | @a影印版. | |
| 260 | @aBeijing :@bPeking University Press,@c2005. | |
| 300 | @axx, 276 p. :@bill. ;@c24 cm. | |
| 440 | 0 | @a西方语言学原版影印系列丛书 ; @v14 |
| 440 | 0 | @aCambridge textbooks in linguistics |
| 504 | @aIncludes bibliographical references (p. 237-264) and indexes. | |
| 534 | @pReprint. Originally published: @cCambridge : Cambridge University Press, c2003, @b2nd ed., @z0521804213. | |
| 650 | 0 | @aGrammar, Comparative and general @xGrammaticalization. |
| 700 | 1 | @aTraugott, Elizabeth Closs. @b01 @c20050403 @lNLC09 @h1143 @b40 @c20050420 @lNLC09 @h1006 @b40 @c20050420 @lNLC09 @h1022 @b40 @c20050508 @lNLC09 @h0953 |
| 852 | 0 | @bWWDY @k2-2005 @hH04 @iH798 |
| 852 | 0 | @bWWJC @cJ09 @k2-2005 @hH04 @iH798 |
| Grammaticalization / / Paul J. Hopper, Elizabeth Closs Traugott.-影印版.-Beijing : : Peking University Press, , 2005. |
| xx, 276 p. : : ill. ; ; 24 cm.- (西方语言学原版影印系列丛书 ; 14 ).- (Cambridge textbooks in linguistics ) |
| Includes bibliographical references (p. 237-264) and indexes. |
| ISBN 7301075960 :CNY28.00. |
| ● |
| 相关链接 |
|
|
|
|
正题名:Grammaticalization
索取号:H04/x115
 
预约/预借
| 序号 | 登录号 | 条形码 | 馆藏地/架位号 | 状态 | 备注 |
| 1 | 11971 | 300119716 | 第二样本阅览室/ [索取号:H04/x115] | 在馆 | |
| 2 | 11972 | 300119725 | 第四借阅区/ [索取号:H04/x115] | 在馆 | |
| 3 | 11973 | 300119734 | 第四借阅区/ [索取号:H04/x115] | 在馆 | |
| 4 | 11974 | 300119743 | 第四借阅区/ [索取号:H04/x115] | 在馆 | |
| 5 | 11975 | 300119752 | 第四借阅区/ [索取号:H04/x115] | 在馆 | |
| 6 | 11976 | 300119761 | 第四借阅区/ [索取号:H04/x115] | 在馆 | |
| 7 | 11977 | 300119770 | 第四借阅区/ [索取号:H04/x115] | 在馆 | |
| 8 | 11978 | 300119789 | 第四借阅区/ [索取号:H04/x115] | 在馆 |